Psychology: the science of mind and behaviour.-- 6th ed. (Record no. 77131)

MARC details
000 -LEADER
fixed length control field 00937nam a2200193 a 4500
008 - FIXED-LENGTH DATA ELEMENTS--GENERAL INFORMATION
fixed length control field 120201s2010 ||||||||||||||||| || u
020 ## - INTERNATIONAL STANDARD BOOK NUMBER
International Standard Book Number 9781444108316
050 ## - LIBRARY OF CONGRESS CALL NUMBER
Classification number BF 121 Gro
100 ## - MAIN ENTRY--PERSONAL NAME
Personal name Gross, Richard
245 10 - TITLE STATEMENT
Title Psychology: the science of mind and behaviour.-- 6th ed.
Statement of responsibility, etc. by Richard Gross
250 ## - EDITION STATEMENT
Edition statement 6th ed.
260 ## - PUBLICATION, DISTRIBUTION, ETC.
Place of publication, distribution, etc. London:
Name of publisher, distributor, etc. Hodder Education
Date of publication, distribution, etc. 2010
300 ## - PHYSICAL DESCRIPTION
Extent viii, 902p.: ill.
350 ## -
-- 0.00
650 #3 - SUBJECT ADDED ENTRY--TOPICAL TERM
Topical term or geographic name entry element PSYCHOLOGY
995 ## -
-- OFFICE (Staff usage)
-- 0.00
-- 742641
-- CBU-MAIN LIBRARY (Kitwe)
-- 1
-- 0.00
-- BF 121 Gro
-- 1
-- OFFICE
-- Mar 6, 2012
-- 742641
-- Main Library Open Access Collection
995 ## -
-- MAIN LIBRARY OPEN ACCESS
-- 743618
-- CBU-MAIN LIBRARY (Kitwe)
-- 0.00
-- BF 121 Gro
-- 2
-- AVAILABLE
-- May 6, 2013
-- 743618
-- Main Library Open Access Collection
995 ## -
-- ANNEX COLLECTION (Main Library)
-- 743619
-- CBU-MAIN LIBRARY (Kitwe)
-- 0.00
-- BF 121 Gro
-- 3
-- AVAILABLE
-- May 6, 2013
-- 743619
-- Annex Low-Usage Collection
999 ## -
-- 77131
-- 77131
Holdings
Withdrawn status Lost status Source of classification or shelving scheme Damaged status Not for loan Permanent Location Current Location Shelving location Date acquired Total Checkouts Full call number Barcode Date last seen Date last checked out Copy number Price effective from Koha item type
          CBU-MAIN LIBRARY, KITWE. CBU-MAIN LIBRARY, KITWE.   04/25/2023 1 BF 121 Gro 742641 03/03/2026 06/20/2025 1 04/25/2023 MONOGRAPH
          CBU-MAIN LIBRARY, KITWE. CBU-MAIN LIBRARY, KITWE.   04/25/2023   BF 121 Gro 743618 04/25/2023   2 04/25/2023 MONOGRAPH
          CBU-MAIN LIBRARY, KITWE. CBU-MAIN LIBRARY, KITWE.   04/25/2023   BF 121 Gro 743619 04/25/2023   3 04/25/2023 MONOGRAPH